01011nam a2200265 a 45000010005000000030008000050050017000130080041000300350018000710400035000890410008001240820022001321000033001542450068001872600057002553000032003124900059003445040063004036500034004668300018005008300058005189420012005769990015005889520142006039839BD-RjUL20211208234840.0140122s1963 nyu 00| 0 eng d a(BD-RjUL)9884 aBD-RjULbengcBD-RjULdBD-RjUL aeng a539.721bJOO 19631 aJones, P. B.q(Peter)93041214aThe optical model in nuclear and particle physics /cP.B. Jones aNew York ;aLondon :bInterscience Publishers,c1963 avii, 118p. :bill. ;c21 cm1 aInterscience tracts on physics and astronomy ;vno. 14 aIncludes bibliographical references (p. 111-115) and index 0aNuclear optical models930413 0vno. 14930416 0aInterscience tracts on physics and astronomy ;930417 2ddccBK c9839d9839 00102ddc40718NFICaRUCLbRUCLcReadingd1967-08-17ebook reviewg27.00l0o539.721 JOO 1963r2014-01-22 00:00:00tC-1w2014-01-22yBK